Thermodynamics for chemical engineers / Kenneth R. Hall, Gustavo A. Iglesias-Silva. (Record no. 21175)

000 -LEADER
fixed length control field 00644nam a22001817a 4500
020 ## - INTERNATIONAL STANDARD BOOK NUMBER
ISBN 9783527350308
082 ## - DEWEY DECIMAL CLASSIFICATION NUMBER
Classification number 660.284
Item number H1777 2022
100 ## - MAIN ENTRY--AUTHOR NAME
Personal name Hall, Kenneth R., author.
245 ## - TITLE STATEMENT
Title Thermodynamics for chemical engineers / Kenneth R. Hall, Gustavo A. Iglesias-Silva.
260 ## - PUBLICATION, DISTRIBUTION, ETC. (IMPRINT)
Place of publication Weinheim, Germany :
Name of publisher Wiley-VCH,
Year of publication ©2022.
300 ## - PHYSICAL DESCRIPTION
Number of Pages xi, 465 pages :
Other physical details illustrations ; 25 cm
500 ## - GENERAL NOTE
General note Includes bibliographical references and index.
650 ## - SUBJECT ADDED ENTRY--TOPICAL TERM
Topical Term Thermodynamics.
650 ## - SUBJECT ADDED ENTRY--TOPICAL TERM
Topical Term Thermodynamics -- Chemical engineering.
650 ## - SUBJECT ADDED ENTRY--TOPICAL TERM
Topical Term Chemical engineering -- Thermodynamics.
700 ## - ADDED ENTRY--PERSONAL NAME
Personal name Iglesias-Silva, Gustavo A.
942 ## - ADDED ENTRY ELEMENTS (KOHA)
Koha item type Books
Holdings
Source of acquisition Permanent Location Date acquired Koha item type Collection code Accession Number Lost status Shelving location Withdrawn status Current Location Full call number
SchoolCagayan State University - Carig Library2025-07-14BooksApplied Sciences010979 General Collection Cagayan State University - Carig Library660.284 H1777 2022

Cagayan State University University Library, Carig Campus
Tuguegarao City, Cagayan 3500 | www.csucarig.edu.ph

Powered by Koha